000 00389nam a2200133Ia 4500
008 151001s9999||||xx |||||||||||||| ||und||
100 _aग रा टिकेकर
245 _aस्वच्छ हातांचा माणूस
250 _a1
260 _bरविराज प्रकाशन पुणे
260 _c1984
300 _a137
365 _b18
999 _c964518
_d964515